• 首页
  • 本馆介绍
  • 公告通知
  • 最新文献
  • 馆藏检索
  • 电子资源
  • 读者荐购
  • 参考咨询
  • CALIS
  • 我的图书馆
  • 登录
  • 详细信息显示
  • 放入我的书架
  • 预约/预借图书
  • 作者相关作品
  • 分类相关作品
  • 丛书相关作品
  • 出版社相关作品

书目信息

  • 表格格式
  • 工作单格式
  • 卡片格式
题名:
全国初级注册安全工程师职业资格考试辅导教材
    
 
作者: ;全国初级注册安全工程师职业资格考试试题分析小组 编
分册:   安全生产实务
出版信息: 北京   机械工业出版社  2021.04
页数: 178页
开本: 26cm
丛书名:
单 册:
中图分类: X93
科图分类:
主题词: 安全工程师--an quan gong cheng shi--资格考试--自学参考资料
电子资源:
ISBN: 978-7-111-67816-8
 
 
 
 
 
000 01248nam 2200265 450
001 202021044846
005 20211025120153.0
010    @a978-7-111-67816-8@dCNY59.00
100    @a20211006d2021 em y0chiy50 ea
101 0  @achi
102    @aCN@b110000
105    @aa z 000yy
106    @ar
200 1  @a全国初级注册安全工程师职业资格考试辅导教材@Aquan guo chu ji zhu ce an quan gong cheng shi zhi ye zi ge kao shi fu dao jiao cai@i安全生产实务@i道路运输安全@f全国初级注册安全工程师职业资格考试试题分析小组编
210    @a北京@c机械工业出版社@d2021.04
215    @a178页@c图@d26cm
300    @a2021版
330    @a本书以初级注册安全工程师职业资格考试大纲为依据, 与考试命题权威信息相结合, 具有较强的针对性、实用性和可操作性。本书包括安全生产管理、安全生产技术基础、道路运输安全技术、安全生产案例分析共四章的内容。
517 1  @a安全生产实务@Aan quan sheng chan shi wu
517 1  @a道路运输安全@Adao lu yun shu an quan
606 0  @a安全工程师@Aan quan gong cheng shi@x资格考试@j自学参考资料
690    @aX93@v5
711 02 @a全国初级注册安全工程师职业资格考试试题分析小组@Aquan guo chu ji zhu ce an quan gong cheng shi zhi ye zi ge kao shi shi ti fen xi xiao zu@4编
801  0 @aCN@c20210909
905    @a河南城建学院图书馆@dX93@eQ872
    
    全国初级注册安全工程师职业资格考试辅导教材.安全生产实务.道路运输安全/全国初级注册安全工程师职业资格考试试题分析小组编.-北京:机械工业出版社,2021.04
    178页:图;26cm
    2021版
    
    ISBN 978-7-111-67816-8:CNY59.00
    本书以初级注册安全工程师职业资格考试大纲为依据, 与考试命题权威信息相结合, 具有较强的针对性、实用性和可操作性。本书包括安全生产管理、安全生产技术基础、道路运输安全技术、安全生产案例分析共四章的内容。
●
相关链接 在E读中查询图书 在当当中查询图书 在豆瓣中查询图书


正题名:全国初级注册安全工程师职业资格考试辅导教     索取号:X93/Q872         预约/预借

序号 登录号 条形码 馆藏地/架位号 状态 备注
1 1544426   215444268   自科库501/501自科库 122排1列3层/ [索取号:X93/Q872] 在馆    
2 1544427   215444277   自科库501/501自科库 122排1列3层/ [索取号:X93/Q872] 在馆    
河南城建学院图书馆 欢迎您!
大连网信软件有限公司© 版权所有